00272 a2200097 4500000002500000020001800025100001800043245006900061260002700130999001700157 nam a22 7a 4500 a9780593078303 aRatliff, Evan aThe mastermind : the hunt for the world's most prolific criminal bBantam Press : c2019. c85251d85251